1910 1105 1671 1148 1935 1404 1917 1534 1545 1557 1980 1300 1840 1780 1325 1190 1409 1134 1081 1839 1049 1759 1700 1077 1751 1952 1561 1223 1420 1410 1471 1979 1897 1961 1396 1993 1040 1411 1044 1987 1123 1525 1189 1084 1752 1353 1096 1102 1444 1970 1862 1285 1714 1643 1184 1553 1567 1992 1827 1365 1571 1801 1049 1660 1967 1334 1592 1731 1315 1064 1003 1806 1697 1326 1873 1102 1410 1111 1807 1953 1400 1603 1906 1299 1709 1719 1983 1283 1322 1202 1301 1639 1207 1169 1521 1789 1409 1915 1726 BCNSPRNW ULIB Ver.6.0+V

เปลี่ยนเป็นภาษาไทย

Change to English
 แสดงรายละเอียดบรรณานุกรม
  กลับหน้าหลัก

Brief Record : Get Marc (ISO 2709) : E-mail record : QR code < ปิดหน้าต่าง
LEADER : 00000nam 2200000uu 4500
001    13399120024
003     ULIB
008    120822s2550||||th 000 0 tha d
020    ^a9789742243937
090    ^aนว.^bต842ค
100 0  ^aมายณีย์
245 00 ^aคุ้งตะเคียน/^cมายณีย์
250    ^aพิมพ์ครั้งที่ 1
260    ^aกรุงเทพฯ :^bGasib
945    ^p185^l0^i15313
995    ^aกัณชพร
999 ^a ใช้งานได้ทุกระบบ
รายการนี้ยังไม่มีแท็ก
คุณยังไม่ได้ล็อกอิน คุณสามารถมีกิจกรรมร่วมกับเว็บไซต์ได้ แต่ต้องล็อกอินก่อน ::
  ล็อกอิน

รายการสื่อสารสนเทศ

ลำดับที่ ประเภท เลขเรียก/บาร์โค้ด สถานที่ สถานะ
1. นวนิยาย
นวนิยาย
นว. ต842ค  
  Barcode: 15313
ห้องสมุดวิทยาเขตสวรรค์ประชารักษ์
►นวนิยาย
ถูกยืม กำหนดส่งวันที่ 16 ธันวาคม 2559
  จอง

BibComment


ยังไม่เคยถูกคอมเมนท์

คอมเมนท์ทรัพยากรรายการนี้
  คอมเมนท์: คุ้งตะเคียน มายณ..


 Copyright 2026. Bcnsprnw @Library